ბათუმის შოთა რუსთაველის სახელმწიფო უნივერსიტეტის ბიბლიოთეკა

Современное хлебопекарное производство. (ბიბ.ჩანაწერი № 40735)

000 -LEADER
fixed length control field 00707nam a2200205Ia 4500
001 - CONTROL NUMBER
control field 7374
003 - CONTROL NUMBER IDENTIFIER
control field GE_BSU
008 - FIXED-LENGTH DATA ELEMENTS--GENERAL INFORMATION
fixed length control field 181216s||||||||xx |||||||||||||| ||und||
040 ## - CATALOGING SOURCE
Transcribing agency GE_BSU
080 ## - UNIVERSAL DECIMAL CLASSIFICATION NUMBER
Universal Decimal Classification number 664.65+664.66
100 ## - MAIN ENTRY--PERSONAL NAME
Personal name Гришин,А.С. Ильинская,Т.Н. Зельман.
245 ## - TITLE STATEMENT
Title Современное хлебопекарное производство.
245 ## - TITLE STATEMENT
Statement of responsibility, etc. Ред. Л.С.Иванушко.
260 ## - PUBLICATION, DISTRIBUTION, ETC.
Place of publication, distribution, etc. М.
260 ## - PUBLICATION, DISTRIBUTION, ETC.
Name of publisher, distributor, etc. Пищевая промышленность.
260 ## - PUBLICATION, DISTRIBUTION, ETC.
Date of publication, distribution, etc. 1973.
300 ## - PHYSICAL DESCRIPTION
Extent 192стр.22см.с илл. библиогр.:стр.188-191.
653 ## - INDEX TERM--UNCONTROLLED
Uncontrolled term Современное хлебопекарное производство.
942 ## - ADDED ENTRY ELEMENTS (KOHA)
Koha item type წიგნი
ეგზემპლარები
Withdrawn status Lost status Damaged status Not for loan Date acquired Barcode Date last seen Price effective from Koha item type
        2018-12-17 12108 2018-12-17 2018-12-17 წიგნი